Southville International School and Colleges
Your cart is empty.
  • Cart
  • Lists
    Public lists Eva Luna New books Lux_list list_1
    Your lists Log in to create your own lists
  • Log in to your account
  • Your cookies
  • Search history
Southville International School and Colleges
  • Advanced search
  • Recent comments
  • Most popular
  • Libraries

Log in to your account

Log in with GOOGLE


If you do not have an external account, but do have a local account, you can still log in:

  1. Home
  2. MARC view: An introduction to poetry :
Normal view MARC view ISBD view

An introduction to poetry : (Record no. 10218)

[ view plain ]
MARC details
000 -LEADER
fixed length control field 00504nam a22001817a 4500
003 - CONTROL NUMBER IDENTIFIER
control field SISC
005 - DATE AND TIME OF LATEST TRANSACTION
control field 20160309082614.0
008 - FIXED-LENGTH DATA ELEMENTS--GENERAL INFORMATION
fixed length control field 130902t xxu||||| |||| 00| 0 eng d
020 ## - INTERNATIONAL STANDARD BOOK NUMBER
International Standard Book Number 0321021444
050 ## - LIBRARY OF CONGRESS CALL NUMBER
Classification number PN 1042
Item number .K39 1998
082 ## - DEWEY DECIMAL CLASSIFICATION NUMBER
Classification number HS 808.1
Item number K39 1997
100 ## - MAIN ENTRY--PERSONAL NAME
Personal name Kennedy, X. J.
9 (RLIN) 13777
245 ## - TITLE STATEMENT
Title An introduction to poetry :
Remainder of title an instructor's manual /
Statement of responsibility, etc X. J. Kennedy
260 ## - PUBLICATION, DISTRIBUTION, ETC. (IMPRINT)
Place of publication, distribution, etc New York :
Name of publisher, distributor, etc Longman,
Date of publication, distribution, etc c1998.
300 ## - PHYSICAL DESCRIPTION
Extent 211 p.,
Dimensions 24 cm.
942 ## - ADDED ENTRY ELEMENTS (KOHA)
Source of classification or shelving scheme Library of Congress Classification
Koha item type Books
Holdings
Withdrawn status Lost status Source of classification or shelving scheme Damaged status Home library Current library Shelving location Date acquired Total Checkouts Total Renewals Full call number Barcode Date last seen Date checked out Copy number Price effective from Koha item type
    Library of Congress Classification   Luxembourg Library Luxembourg Library High School Section 09/02/2013 1 3 PN 1042 .K39 1998 8276 03/09/2016 06/10/2014 1 09/02/2013 Books

An introduction to poetry :

APA

Kennedy X. J., . (1998). An introduction to poetry. New York: Longman.

Chicago

Kennedy X J, . 1998. An introduction to poetry. New York: Longman.

Harvard

Kennedy X. J., . (1998). An introduction to poetry. New York: Longman.

MLA

Kennedy X J, . An introduction to poetry. New York: Longman. 1998.

  • Place hold
  • Print
  • Cite
  • Add to your cart (remove)
  • Save record
    BIBTEX Dublin Core MARCXML MARC (non-Unicode/MARC-8) MARC (Unicode/UTF-8) MARC (Unicode/UTF-8, Standard) MODS (XML) RIS
  • More searches
    Search for this title in:
    Other Libraries (WorldCat) Other Databases (Google Scholar) Online Stores (Bookfinder.com) Open Library (openlibrary.org)

Exporting to Dublin Core...

SOUTHVILLE LIBRARY

Southville International School and Colleges Library

1281 Tropical Ave. Cor. Luxembourg St., BF Homes International, Las Pinas City

Tel. No. 8256374 / 252358 Loc. 117/146

Powered by Koha